000 00676nam a22001457a 4500
999 _c523927
_d523927
008 231016b ||||| |||| 00| 0 eng d
100 _aRaghuram, G.
_944154
245 _aRoad infrastructure getting smarter
260 _aYojana
300 _a67(10), Oct, 2023: p.17-20
520 _aRoads, both in number and quality, have been an important driver for economic development and social inclusion. In the recent three decades, the emphasis has been more on quality, leading to better speeds and all-weather connectivity. Various organizational innovations and technologies have enabled this. – Reproduced
773 _aYojana
906 _aTRANSPORT
942 _cAR